Statistiche per All miraculous Episodes name

Clicka qui per fare il quiz!

Statistiche generali

  • Questo quiz è stato fatto 14 volte
  • Il punteggio medio è 71 su 131

Statistiche sulle risposte

Season, EpisodeName% Corretto
S.4 Ep.23Kuro Neko
86%
S.3 Ep.22Chat Blanc
71%
S.4 Ep.21Dearest Family
71%
S.5 Ep.9Elation
71%
S.4 Ep.22Ephemeral
71%
S.3 Ep.23Felix
71%
S.3 Ep.18Ikari Gozen
71%
S.3 Ep.24Ladybug
71%
S.1 Ep.4Lady Wifi
71%
S.4 Ep.2Lies
71%
S.3 Ep.26 - Battle of the Miraculous; Part 2Miracle Queen
71%
S.1 Ep.19Reflekta
71%
S.2 Ep.20Reverser
71%
S.4 Ep.25 - The Last Attack of Shadow Moth; Part 1Risk
71%
S.1 Ep.8Rogercop
71%
S.4 Ep.14Sentibubbler
71%
S.2 Ep.2The Collector
71%
S.4 Ep.1Truth
71%
S.5 Ep.27Action
57%
S.2 Ep.18Anansi
57%
S.3 Ep.2Animaestro
57%
S.1 Ep.17Antibug
57%
S.3 Ep.4Backwarder
57%
S.3 Ep.3Bakerix
57%
S.2 Ep.5Befana
57%
S.2 Ep.25 - Heroes' Day; Part 1Catalyst
57%
S.3 Ep.12Chris Master
57%
S.5 Ep.21Confrontation
57%
S.4 Ep.12Crocoduel
57%
S.1 Ep.10Dark Cupid
57%
S.5 Ep.11 - The Kwamis' Choice; Part 2Deflagration
57%
S.3 Ep.11Desperada
57%
S.5 Ep.18Emotion
57%
S.3 Ep.15Feast
57%
S.2 Ep.16Frightningale
57%
S.2 Ep.21Frozer
57%
S.4 Ep.6Furious Fu
57%
S.4 Ep.9Gabriel Agreste
57%
S.1 Ep.15Gamer
57%
S.3 Ep.16Gamer 2.0
57%
S.4 Ep.3Gang of Secrets
57%
S.2 Ep.12Gorizilla
57%
S.4 Ep.11Guiltrip
57%
S.1 Ep.11Horrificator
57%
S.1 Ep.14Kung Food
57%
S.3 Ep.14Kwami Buster
57%
S.3 Ep.25 - Battle of the Miraculous; Part 1Loveater
57%
S.2 Ep.24Malediktator
57%
S.2 Ep.26 - Heroes' Day; Part 2Mayura
57%
S.4 Ep.10Mega Leech
57%
S.3 Ep.9Miraculer
57%
S.1 Ep.6Mr. Pigeon
57%
S.4 Ep.4Mr. Pigeon 72
57%
S.5 Ep.2Multiplication
57%
S.3 Ep.10Oblivio
57%
S.3 Ep.8Oni-Chan
57%
S.4 Ep.24Penalteam
57%
S.1 Ep.22Princess Fragrance
57%
S.4 Ep.5Psychomedian
57%
S.3 Ep.21Puppeteer 2
57%
S.4 Ep.20Qilin
57%
S.4 Ep.8Queen Banana
57%
S.2 Ep.23 - Queen's battle; Part 2Queen Wasp
57%
S.5 Ep.26 - The Last Day; Part 2Re-creation
57%
S.5 Ep.20Revelation
57%
S.5 Ep.23Revolution
57%
S.2 Ep.6Riposte
57%
S.4 Ep.17Rocketear
57%
S.2 Ep.11Sapotis
57%
S.3 Ep.7Silencer
57%
S.1 Ep.23Simon Says
57%
S.4 Ep.19Simpleman
57%
S.4 Ep.7Sole Crusher
57%
S.3 Ep.13Startrain
57%
S.1 Ep.26 - Origins; Part 2Stoneheart
57%
S.1 Ep.1Stormy Weather
57%
S.3 Ep.17Stormy Weather 2
57%
S.2 Ep.22 - Queen's battle; Part 1Style Queen
57%
S.2 Ep.15Syren
57%
S.1 Ep.2The Bubbler
57%
S.2 Ep.9The Dark Owl
57%
S.1 Ep.13The Mime
57%
S.1 Ep.3The Pharaoh
57%
S.1 Ep.18The Puppeteer
57%
S.3 Ep.19Timetagger
57%
S.1 Ep.24Volpina
57%
S.3 Ep.6Weredad
57%
S.4 Ep.18Wishmaker
57%
S.2 Ep.14Zombizou
57%
S.5 Ep.17Adoration
43%
S.1 Ep.16Animan
43%
S.2 Ep.13Captain Hardrock
43%
S.5 Ep.22Collusion
43%
S.5 Ep.25 - The Last Day; Part 1Conformation
43%
S.1 Ep.9Copycat
43%
S.1 Ep.12Darkblade
43%
S.5 Ep.14Derision
43%
S.2 Ep.3Despair Bear
43%
S.5 Ep.3Destruction
43%
S.5 Ep.6Determination
43%
S.5 Ep.1Evolution
43%
S.2 Ep.8Gigantitan
43%
S.2 Ep.10Glaciator
43%
S.4 Ep.15Glaciator 2
43%
S.4 Ep.16Hack-San
43%
S.5 Ep.5Illusion
43%
S.5 Ep.15Intuition
43%
S.5 Ep.4Jubilation
43%
S.1 Ep.25 - Origins; Part 1Ladybug & Cat Noir
43%
S.5 Ep.13Migration
43%
S.4 Ep.13Optigami
43%
S.3 Ep.20Party Crusher
43%
S.5 Ep.7Passion
43%
S.5 Ep.12Perfection
43%
S.5 Ep.19Pretension
43%
S.2 Ep.4Prime Queen
43%
S.5 Ep.16Protection
43%
S.5 Ep.24Representation
43%
S.5 Ep.8Reunion
43%
S.2 Ep.7Robostus
43%
S.2 Ep.19Sandboy
43%
S.2 Ep.1 - A Christmas SpecialSanta Claws
43%
S.4 Ep.26 - The Last Attack of Shadow Moth; Part 2Strike Back
43%
S.1 Ep.7The Evillustrator
43%
S.1 Ep.5Timebreaker
43%
S.2 Ep.17Troublemaker
43%
S.3 Ep.1Chamaleon
29%
S.1 Ep.20Guitar Villain
29%
S.1 Ep.21Pixelator
29%
S.3 Ep.5Reflekdoll
14%
S.5 Ep.10 - The Kwamis' Choice; Part 1Transmission
14%

Distribuzione punteggi

Percentile per numero di risposta

Percentuale di utenti per punteggio

I tuoi punteggi nel tempo

Non hai fatto questo quiz